Pollution (Record no. 82051)
[ view plain ]
| 000 -LEADER | |
|---|---|
| fixed length control field | 00630nam a2200157 a 4500 |
| 008 - FIXED-LENGTH DATA ELEMENTS--GENERAL INFORMATION | |
| fixed length control field | 120416s1993 xx |||||||||||||| || u |
| 050 ## - LIBRARY OF CONGRESS CALL NUMBER | |
| Classification number | TD 193 Mac |
| 100 ## - MAIN ENTRY--PERSONAL NAME | |
| Personal name | Waite, Stephen |
| 245 10 - TITLE STATEMENT | |
| Title | Pollution |
| 246 ## - | |
| -- | ecology and bio-treatment |
| 260 ## - PUBLICATION, DISTRIBUTION, ETC. | |
| Date of publication, distribution, etc. | 1993 |
| 350 ## - | |
| -- | 0.00 |
| 700 ## - ADDED ENTRY--PERSONAL NAME | |
| Personal name | McEldowney, Sharron |
| 995 ## - | |
| -- | MAIN LIBRARY OPEN ACCESS |
| -- | 0.00 |
| -- | 015624 |
| -- | CBU-MAIN LIBRARY (Kitwe) |
| -- | 2 |
| -- | 19.99 |
| -- | TD 193 Mac |
| -- | AVAILABLE |
| -- | 015624 |
| -- | Main Library Open Access Collection |
| 995 ## - | |
| -- | MAIN LIBRARY OPEN ACCESS |
| -- | 0.00 |
| -- | 726267 |
| -- | CBU-MAIN LIBRARY (Kitwe) |
| -- | 1 |
| -- | 19.99 |
| -- | TD 193 Mac |
| -- | AVAILABLE |
| -- | 015625 |
| -- | Main Library Open Access Collection |
| 999 ## - | |
| -- | 82051 |
| -- | 82051 |
| Withdrawn status | Lost status | Source of classification or shelving scheme | Damaged status | Not for loan | Permanent Location | Current Location | Shelving location | Date acquired | Total Checkouts | Full call number | Barcode | Date last seen | Copy number | Price effective from | Koha item type |
|---|---|---|---|---|---|---|---|---|---|---|---|---|---|---|---|
| CBU-MAIN LIBRARY, KITWE. | CBU-MAIN LIBRARY, KITWE. | 09/12/2023 | TD 193 Mac | 015624 | 09/12/2023 | 1 | 09/12/2023 | MONOGRAPH | |||||||
| CBU-MAIN LIBRARY, KITWE. | CBU-MAIN LIBRARY, KITWE. | 09/12/2023 | TD 193 Mac | 015625 | 09/12/2023 | 2 | 09/12/2023 | MONOGRAPH |